000 00655nam a2200181Ia 4500
003 GCL
008 140319s9999 xx 000 0 ara d
040 _aGCL /
_cGCL
082 0 4 _aد
_b050
100 1 _aاحمد عثمان
245 1 0 _aالادب اللاتينى ودوره الحضارى حتى نهاية العصر الذهبى (عالم المعرفة 141) /
_cاحمد عثمان
260 _a[S.N] :
_bالمجلس الوطنى للثقافة والفنون والاداب ،
_c1989
300 _a320 ص
490 _aعالم المعرفة
_v0
650 0 4 _aالادب اللاتينى
650 0 4 _aتاريخ ونقد
942 _2ddc
_cBK
999 _c35867
_d35867